Pays Par Emojis - Statistiques

Statistiques générales
  • Ce quiz a été pris 2 280 fois
  • Le résultat moyen est 13 sur 15
Statistiques - réponses
Hint Réponse % Correct
🏄‍♂️🦘⬇️ Australie
99%
🏒❄️🍁 Canada
99%
🏭🐼🥡 Chine
99%
🏈🍔🗽 États-Unis
99%
☕️💂‍♀️⚽️ Royaume-Uni
99%
🍷🥐🚴‍♂️ France
98%
🐡🍣🚅 Japon
98%
🍕🍨🛵 Italie
96%
🌧🍀🍺 Irlande
94%
⌚️🧀🏔 Suisse
93%
🏏🧘🐯 Inde
86%
☪️✡️🕍 Israël
79%
🐏🧈🥝 Nouvelle-Zélande
71%
🇪🇺🍫💎 Belgique
65%
⛷🛢🐟 Norvège
54%
Aucun quiz correspondant
Distribution des résultats
% des personnes avec chaque résultat
Percentile par nombre de réponses
Votre historique - résultats
Vous n’avez pas pris ce quiz